| 000 | 00547cam a2200205ua 4500 | ||
|---|---|---|---|
| 001 | 11755 | ||
| 005 | 20260515114809.0 | ||
| 008 | 191101n ii |||gr||||Z||||||asm | ||
| 020 | _a788126026418 | ||
| 040 | _cMAIN | ||
| 082 | _a891.4513 | ||
| 100 |
_aRichard Burton, _eAuthor. |
||
| 245 |
_aEhejar enishar sadhu _cTranslated by Kirtinath Hazarika |
||
| 250 | _a6th ed. | ||
| 260 |
_aNew Delhi: _bSahitya academy, _c2014. |
||
| 300 | _a350p. | ||
| 653 | _aEast Indo-European & Celtic literatures | ||
| 653 | _aNovel in assamese | ||
| 942 | _cBK | ||
| 999 |
_c10543 _d10543 |
||